Guía de los servicios bibliotecarios y apoyo académico en la unidad Ajusco / (Record no. 26826)
[ view plain ]
| 000 -CABECERA | |
|---|---|
| campo de control de longitud fija | 00685nam a2200169 a 4500 |
| 005 - FECHA Y HORA DE LA ÚLTIMA TRANSACCIÓN | |
| campo de control | 20251021064004.0 |
| 008 - ELEMENTOS DE LONGITUD FIJA--INFORMACIÓN GENERAL | |
| campo de control de longitud fija | 991125s1989 mx 000 0 spa u |
| 035 ## - NÚMERO DE CONTROL DEL SISTEMA | |
| Número de control de sistema | UPN01000026826 |
| 049 ## - COLECCIÓN | |
| Colección | F |
| 050 #4 - SIGNATURA TOPOGRÁFICA DE LA BIBLIOTECA DEL CONGRESO | |
| Número de clasificación | LE7.2931 |
| Número de documento/Ítem | N2g 1989 |
| 110 2# - ASIENTO PRINCIPAL--NOMBRE CORPORATIVO | |
| Nombre de entidad corporativa o nombre de jurisdicción como elemento de entrada | Universidad Pedagógica Nacional (México). |
| Unidad subordinada | Dirección de Biblioteca y Apoyo Académico |
| 9 (RLIN) | 28337 |
| 245 10 - MENCIÓN DE TÍTULO | |
| Título | Guía de los servicios bibliotecarios y apoyo académico en la unidad Ajusco / |
| Mención de responsabilidad, etc. | Universidad Pedagógica Nacional, Dirección de Biblioteca y Apoyo Académico. |
| 260 ## - PUBLICACIÓN, DISTRIBUCIÓN, ETC. | |
| Lugar de publicación, distribución, etc. | México : |
| Nombre del editor, distribuidor, etc. | UPN, Dirección de Biblioteca y Apoyo Académico, |
| Fecha de publicación, distribución, etc. | 1989. |
| 300 ## - DESCRIPCIÓN FÍSICA | |
| Extensión | 28 p. |
| 650 #4 - ASIENTO SECUNDARIO DE MATERIA - TERMINO TEMATICO | |
| Término de materia o nombre geográfico como elemento de entrada | Bibliotecas universitarias |
| 9 (RLIN) | 3062 |
| 905 ## - TIPO DE MATERIAL | |
| Tipo de material | Libro |
| Estado de retiro | Estado de pérdida | Fuente del sistema de clasificación o colocación | Estado dañado | No para préstamo | Código de colección | Localización permanente | Ubicación/localización actual | Ubicación en estantería | Fecha de adquisición | Clasificación | Código de barras | Fecha visto por última vez | Número de copia | Tipo de ítem Koha |
|---|---|---|---|---|---|---|---|---|---|---|---|---|---|---|
| Library of Congress Classification | Disponible (Préstamo en sala) | Folletería | Bib. Gregorio Torres Quintero | Bib. Gregorio Torres Quintero | Colecciones especiales Planta alta | 04/05/2023 | LE7.2931 N2g 1989 | 14585F | 31/12/2020 | 1 | Folleto | |||
| Library of Congress Classification | Disponible (Préstamo en sala) | Folletería | Bib. Gregorio Torres Quintero | Bib. Gregorio Torres Quintero | Colecciones especiales Planta alta | 04/05/2023 | LE7.2931 N2g 1989 | 14584F | 31/12/2020 | 1 | Folleto | |||
| Library of Congress Classification | Disponible (Préstamo en sala) | Folletería | Bib. Gregorio Torres Quintero | Bib. Gregorio Torres Quintero | Colecciones especiales Planta alta | 04/05/2023 | LE7.2931 N2g 1989 | 14583F | 31/12/2020 | 1 | Folleto |
